| 000 | 00890cam a2200277 a 4500 | ||
|---|---|---|---|
| 001 | 000004559 | ||
| 005 | 20200929151448.0 | ||
| 008 | 860530s1973 sp 000 d spa | ||
| 020 | _a8430305823 | ||
| 040 |
_aDO-SdBNP _bspa _cBNPHU |
||
| 041 | 1 | 7 |
_aspa _hfre _2Código de idioma MARC |
| 082 |
_a842.52 _bR839c |
||
| 100 | 1 |
_aRostand, Edmond, _d1868-1918. _913313 |
|
| 240 | 1 | 0 |
_aCyrano de Bergerac. _lEspañol |
| 245 | 1 | 0 |
_aCyrano de Bergerac / _cEdmond Rostand ; traducción de Mauro Armiño. |
| 260 |
_aBarcelona : _bRamón Sopena, _c1973. |
||
| 300 |
_a206 p. ; _c18 cm. |
||
| 490 | 1 |
_aBiblioteca Sopena _v582 |
|
| 534 |
_pTítulo original: _tCyrano de Bergerac |
||
| 650 | 4 |
_aTeatro francés _95359 |
|
| 650 | 4 |
_aLiteratura francesa _91074 |
|
| 700 | 1 |
_aArmiño, Mauro, _etr. _913314 |
|
| 830 | 0 |
_aBiblioteca Sopena ; _v582 _912815 |
|
| 910 | _aCatalogación derivada | ||
| 910 | _aWM | ||
| 999 |
_c4367 _d4367 |
||